Un ordinateurs et ses périphériques - Statistiques

Statistiques générales
  • Ce quiz a été pris 387 fois
  • Le résultat moyen est 10 sur 22
Statistiques - réponses
Hint Réponse % Correct
Périphérique Souris
94%
Périphérique Clavier
92%
Composant Carte graphique
89%
Composant Carte mère
87%
Périphérique Ecran
86%
Composant Processeur
85%
Composant Disque dur
73%
Composant Alimentation
60%
Périphérique Casque
53%
Composant Mémoire vive
45%
Périphérique Micro
39%
Composant Carte son
38%
Périphérique Webcam
31%
Périphérique Imprimante
30%
Composant Carte réseau
26%
Périphérique Clé USB
26%
Composant Port
26%
Périphérique Haut-parleur
22%
Périphérique Scanner
17%
Périphérique Disque dur externe
8%
Composant Bus
5%
Périphérique Lecteur de disque
5%
Aucun quiz correspondant
Distribution des résultats
% des personnes avec chaque résultat
Percentile par nombre de réponses
Votre historique - résultats
Vous n’avez pas pris ce quiz